Statistics for General Knowledge Quiz #3

Click here to take the quiz!

General Stats

  • This quiz has been taken 69,102 times
    (46,783 since last reset)
  • The average score is 12 of 20

Answer Stats

HintAnswer% Correct
What shape are SpongeBob's pants?Square
94%
What is the counterpart of the Tropic of Capricorn?Tropic of {Cancer}
83%
What is the tallest mountain in Africa?Kilimanjaro
82%
Sushi often comes wrapped in nori. What is nori a type of?Seaweed
81%
What city were the Beatles from?Liverpool
81%
What city celebrates the original Oktoberfest?Munich
79%
What is the largest species of animal?The Blue Whale
70%
Who was the second person to walk on the Moon?Buzz Aldrin
70%
What is Eminem's real name?Marshall Mathers
63%
Who are the parents of Blue Ivy, Rumi, and Sir?Beyoncé and Jay-Z
62%
To what "secret" society did fourteen U.S. Presidents belong?Freemasons
57%
What city is still commonly known by its former name, Saigon?Ho Chi Minh City
53%
In the Old Testament, which two cities were destroyed by fire and brimstone as
punishment for their wickedness?
Sodom
52%
What is the most well-known movie directed by Francis Ford Coppola?The Godfather
52%
What is the capital of Saudi Arabia?Riyadh
50%
In the Old Testament, which two cities were destroyed by fire and brimstone as
punishment for their wickedness?
Gomorrah
49%
Where is Queen Elizabeth I buried?Westminster Abbey
48%
Who was ruled to be "infallible" at the First Vatican Council of 1869-70?The Pope
47%
What conquistador conquered the Aztecs?Hernán Cortés
37%
Who crossed the Rubicon?Julius Caesar
35%

Score Distribution

Percentile by Number Answered

Percent of People with Each Score

Your Score History

You have not taken this quiz since the last reset